000 01237nac a22002051u 4500
008 110403s2006 ua|||||r|||| 001 0 ara d
020 _a9774191072
082 _a264.6
_bع ط ا
100 _aفريد الدين العطار النيسابوري
_922750
_qمحمد بن أبي بكر ابراهيم بن أبي يعقوب إسحق العطار
245 _aمنطق الطير /
_cلفريد الدين العطار النيسابوري ؛ ترجمة وتقديم بديع محمد جمعة
250 _aط4
260 _aالقاهرة :
_bالهيئة المصرية العامة للكتاب ، 2006
_c2006
300 _a463 ص ؛
_c24 سم
504 _aيشتمل على إرجاعات ببليوجرافية ص 447-450 وكشاف
650 _aالتصوف الإسلامي
_922751
_xمدرسة نيسابور
700 _aجمعة ، بديع محمد
_922752
942 _cBB
_k264.6 ع ط ا
_2ddc
999 _c5657
_d5657